Network analysis and synthesis (Record no. 39888)

MARC details
000 -LEADER
fixed length control field 00298nam a2200121Ia 4500
082 ## - DEWEY DECIMAL CLASSIFICATION NUMBER
Classification number 681.31
Item number KUO
100 ## - MAIN ENTRY--AUTHOR NAME
Personal name Kuo, Franklin F
245 #0 - TITLE STATEMENT
Title Network analysis and synthesis
250 ## - EDITION STATEMENT
Edition statement Ed.2
260 ## - PUBLICATION, DISTRIBUTION, ETC. (IMPRINT)
Place of publication New York
Name of publisher John Wiley
Year of publication 1962
942 ## - ADDED ENTRY ELEMENTS (KOHA)
Koha item type Books
Holdings
Withdrawn status Lost status Damaged status Not for loan Home library Current library Date acquired Full call number Accession Number Koha item type
        RRII Library RRII Library 16/12/2021 681.31 KUO 20206 Books